<?xml version="1.0" encoding="UTF-8"?>
<record
    xmlns:xsi="http://www.w3.org/2001/XMLSchema-instance"
    xsi:schemaLocation="http://www.loc.gov/MARC21/slim http://www.loc.gov/standards/marcxml/schema/MARC21slim.xsd"
    xmlns="http://www.loc.gov/MARC21/slim">

  <leader>02155nam a22002897a 4500</leader>
  <controlfield tag="005">20110707163329.0</controlfield>
  <datafield tag="010" ind1=" " ind2=" ">
    <subfield code="a">B-436258-262</subfield>
  </datafield>
  <datafield tag="020" ind1=" " ind2=" ">
    <subfield code="a">9788182639010</subfield>
    <subfield code="c">25.00</subfield>
  </datafield>
  <datafield tag="035" ind1=" " ind2=" ">
    <subfield code="a">B-436258-262</subfield>
  </datafield>
  <datafield tag="037" ind1=" " ind2=" ">
    <subfield code="b">&#x92C;&#x94D;&#x932;&#x94D;&#x92F;&#x942;&#x92C;&#x947;&#x930;&#x940; &#x92C;&#x941;&#x915;&#x94D;&#x938;</subfield>
  </datafield>
  <datafield tag="082" ind1=" " ind2=" ">
    <subfield code="a">&#x915;</subfield>
  </datafield>
  <datafield tag="100" ind1=" " ind2=" ">
    <subfield code="a">&#x92A;&#x948;, &#x92E;&#x93E;&#x927;&#x941;&#x930;&#x940;</subfield>
    <subfield code="9">31650</subfield>
  </datafield>
  <datafield tag="245" ind1=" " ind2=" ">
    <subfield code="a">&#x928;&#x92E;&#x915;&#x940;&#x928; &#x915;&#x93F;&#x938;&#x94D;&#x938;&#x947; /</subfield>
    <subfield code="c">&#x92E;&#x93E;&#x927;&#x941;&#x930;&#x940; &#x92A;&#x948; &#x90F;&#x935;&#x902; &#x92E;&#x93E;&#x927;&#x935; &#x91A;&#x935;&#x94D;&#x939;&#x93E;&#x923;; &#x90B;&#x91C;&#x941;&#x924;&#x93E; &#x918;&#x93E;&#x91F;&#x947; &#x926;&#x94D;&#x935;&#x93E;&#x930;&#x93E; &#x91A;&#x93F;&#x924;&#x94D;&#x930;&#x93E;&#x902;&#x915;&#x93F;&#x924;</subfield>
  </datafield>
  <datafield tag="246" ind1=" " ind2=" ">
    <subfield code="a">Namkeen kisse</subfield>
    <subfield code="b">by Madhuri Pai and</subfield>
  </datafield>
  <datafield tag="260" ind1=" " ind2=" ">
    <subfield code="a">&#x928;&#x908; &#x926;&#x93F;&#x932;&#x94D;&#x932;&#x940;</subfield>
    <subfield code="b">&#x92A;&#x94D;&#x930;&#x925;&#x92E; &#x92C;&#x941;&#x915;&#x94D;&#x938;</subfield>
    <subfield code="c">2010</subfield>
  </datafield>
  <datafield tag="270" ind1=" " ind2=" ">
    <subfield code="b">&#x928;&#x908; &#x926;&#x93F;&#x932;&#x94D;&#x932;&#x940;</subfield>
    <subfield code="k">+91 11-41402483 </subfield>
    <subfield code="m">www.prathambooks.org</subfield>
  </datafield>
  <datafield tag="300" ind1=" " ind2=" ">
    <subfield code="a">28&#x92A;&#x943;.</subfield>
    <subfield code="c">24&#x938;&#x947;&#x92E;&#x940; (&#x905;&#x91C;&#x93F;&#x932;&#x94D;&#x926;)</subfield>
    <subfield code="b">&#x938;&#x91A;&#x93F;&#x924;&#x94D;&#x930;</subfield>
  </datafield>
  <datafield tag="700" ind1=" " ind2=" ">
    <subfield code="a">&#x91A;&#x935;&#x94D;&#x939;&#x93E;&#x923;, &#x92E;&#x93E;&#x927;&#x935; </subfield>
    <subfield code="9">15991</subfield>
  </datafield>
  <datafield tag="700" ind1=" " ind2=" ">
    <subfield code="a">&#x918;&#x93E;&#x91F;&#x947;, &#x90B;&#x91C;&#x941;&#x924;&#x93E; </subfield>
    <subfield code="9">29071</subfield>
  </datafield>
  <datafield tag="942" ind1=" " ind2=" ">
    <subfield code="2">ddc</subfield>
    <subfield code="c">CH</subfield>
    <subfield code="m">&#x92A;&#x948;&#x92E;&#x93E;&#x927;&#x941;</subfield>
    <subfield code="h">&#x915;</subfield>
  </datafield>
  <datafield tag="999" ind1=" " ind2=" ">
    <subfield code="c">53634</subfield>
    <subfield code="d">53634</subfield>
  </datafield>
  <datafield tag="952" ind1=" " ind2=" ">
    <subfield code="0">0</subfield>
    <subfield code="1">5</subfield>
    <subfield code="4">0</subfield>
    <subfield code="7">0</subfield>
    <subfield code="8">FIC</subfield>
    <subfield code="a">L</subfield>
    <subfield code="b">L</subfield>
    <subfield code="d">2011-08-08</subfield>
    <subfield code="e">&#x92C;&#x932;&#x94D;&#x92F;&#x942;&#x92C;&#x947;&#x930;&#x940;/6364/25.3.2011/83/21.3.11/31.3.11   </subfield>
    <subfield code="g">25.00</subfield>
    <subfield code="l">0</subfield>
    <subfield code="o">&#x915; &#x92A;&#x948;&#x92E;&#x93E;&#x927;&#x941;</subfield>
    <subfield code="p">B-436258</subfield>
    <subfield code="r">2011-08-08 00:00:00</subfield>
    <subfield code="t">1</subfield>
    <subfield code="v">25.00</subfield>
    <subfield code="y">CH</subfield>
  </datafield>
  <datafield tag="952" ind1=" " ind2=" ">
    <subfield code="0">0</subfield>
    <subfield code="1">5</subfield>
    <subfield code="4">0</subfield>
    <subfield code="7">0</subfield>
    <subfield code="8">FIC</subfield>
    <subfield code="a">BL1</subfield>
    <subfield code="b">BL1</subfield>
    <subfield code="d">2011-08-08</subfield>
    <subfield code="e">&#x92C;&#x932;&#x94D;&#x92F;&#x942;&#x92C;&#x947;&#x930;&#x940;/6364/25.3.2011/83/21.3.11/31.3.11   </subfield>
    <subfield code="g">25.00</subfield>
    <subfield code="l">0</subfield>
    <subfield code="o">&#x915; &#x92A;&#x948;&#x92E;&#x93E;&#x927;&#x941;</subfield>
    <subfield code="p">B-436259</subfield>
    <subfield code="r">2011-08-08 00:00:00</subfield>
    <subfield code="t">1</subfield>
    <subfield code="v">25.00</subfield>
    <subfield code="y">CH</subfield>
  </datafield>
  <datafield tag="952" ind1=" " ind2=" ">
    <subfield code="0">0</subfield>
    <subfield code="1">5</subfield>
    <subfield code="4">0</subfield>
    <subfield code="7">0</subfield>
    <subfield code="8">FIC</subfield>
    <subfield code="a">ZLS</subfield>
    <subfield code="b">ZLS</subfield>
    <subfield code="d">2011-08-08</subfield>
    <subfield code="e">&#x92C;&#x932;&#x94D;&#x92F;&#x942;&#x92C;&#x947;&#x930;&#x940;/6364/25.3.2011/83/21.3.11/31.3.11   </subfield>
    <subfield code="g">25.00</subfield>
    <subfield code="l">0</subfield>
    <subfield code="o">&#x915; &#x92A;&#x948;&#x92E;&#x93E;&#x927;&#x941;</subfield>
    <subfield code="p">B-436260</subfield>
    <subfield code="r">2011-08-08 00:00:00</subfield>
    <subfield code="t">1</subfield>
    <subfield code="v">25.00</subfield>
    <subfield code="y">CH</subfield>
  </datafield>
  <datafield tag="952" ind1=" " ind2=" ">
    <subfield code="0">0</subfield>
    <subfield code="1">0</subfield>
    <subfield code="4">0</subfield>
    <subfield code="7">0</subfield>
    <subfield code="8">FIC</subfield>
    <subfield code="a">ZLS</subfield>
    <subfield code="b">ZLS</subfield>
    <subfield code="d">2011-08-08</subfield>
    <subfield code="e">&#x92C;&#x932;&#x94D;&#x92F;&#x942;&#x92C;&#x947;&#x930;&#x940;/6364/25.3.2011/83/21.3.11/31.3.11   </subfield>
    <subfield code="g">25.00</subfield>
    <subfield code="l">2</subfield>
    <subfield code="o">&#x915; &#x92A;&#x948;&#x92E;&#x93E;&#x927;&#x941;</subfield>
    <subfield code="p">B-436261</subfield>
    <subfield code="r">2019-09-26 00:00:00</subfield>
    <subfield code="s">2019-09-25</subfield>
    <subfield code="t">1</subfield>
    <subfield code="v">25.00</subfield>
    <subfield code="y">CH</subfield>
  </datafield>
  <datafield tag="952" ind1=" " ind2=" ">
    <subfield code="0">0</subfield>
    <subfield code="1">5</subfield>
    <subfield code="4">0</subfield>
    <subfield code="7">0</subfield>
    <subfield code="8">FIC</subfield>
    <subfield code="a">BL4</subfield>
    <subfield code="b">BL4</subfield>
    <subfield code="d">2011-08-08</subfield>
    <subfield code="e">&#x92C;&#x932;&#x94D;&#x92F;&#x942;&#x92C;&#x947;&#x930;&#x940;/6364/25.3.2011/83/21.3.11/31.3.11   </subfield>
    <subfield code="g">25.00</subfield>
    <subfield code="l">0</subfield>
    <subfield code="o">&#x915; &#x92A;&#x948;&#x92E;&#x93E;&#x927;&#x941;</subfield>
    <subfield code="p">B-436262</subfield>
    <subfield code="r">2011-08-08 00:00:00</subfield>
    <subfield code="t">1</subfield>
    <subfield code="v">25.00</subfield>
    <subfield code="y">CH</subfield>
  </datafield>
</record>
